000 nam a22 a 4500
999 _c1187
_d1187
003 BLK
005 20201020160522.0
008 180412b bul|||||r ||||||| ||bul||
010 _aKNG00001988000
040 _aBLK
041 _aFRE
_cFRE
072 7 _2bullib
_aЦ
_xРедки и ценни
080 _aТърговия. Международни икономически отношения. Световно стопанство
_b339
_x(038.1)=40
_z339(038.1)=40
080 _aИкономика. Икономически науки
_b33
_x(038.1)=40
_z33(038.1)=40
080 _aРазлични категории думи
_b81`373.4
_x=40:339
_z81`373.4=40:339
139 _aDictionnaire universel theorique et pratique du commerce et de la navigation
_bD 53
245 1 0 _aDictionnaire universel theorique et pratique du commerce et de la navigation
_bT. 1 -
_nT. 2
_pH - Z
250 _a3. Тir.
257 _aFRA
260 _aParis
_bLibr. Guillaumin
_c1873 -
_fParis : impr. Vieville et Capiomont
300 _c25 cm
380 _a3
490 _9435080
_aКолекция Редки и ценни издания
500 _a1. Ed. 1859 - 1861.
650 4 _aТърговия - терминология - речници
_9243730
650 4 _aИкономика - терминология - речници
_9243426
650 4 _aФренски език - речници
_9243731
653 _aтърговия
653 _aикономика
653 _aтерминологични речници
653 _aфренски език
659 _aЦ
760 1 _b3. Тir.
_d1873
_h1828 p.
_tT. 2 H - Z
852 _aРф 873
_bРц
856 4 _qpdf
_u
856 4 _qpdf
_u
942 _cKNG
_n0
_s1
944 _aCR
_c11.01.2006
_lф /
_kЛюдмила_Стоянова
944 _aED
_c20.11.2013
_lф /
999 _d1187